Emmy Comedy Noms (1980s) Quiz Stats

Quiz Updated Apr 17, 2017

Challenge
Share
Tweet
Embed
Score 0/50 Timer 08:00
0 Plays Today
Year Series % Correct
1983Cheers
90.2%
1984Cheers
90.2%
1985Cheers
90.2%
1986Cheers
90.2%
1987Cheers
90.2%
1988Cheers
90.2%
1989Cheers
90.2%
1985The Cosby Show
71.9%
1986The Cosby Show
71.9%
1987The Cosby Show
71.9%
1980M*A*S*H
60.9%
1981M*A*S*H
60.9%
1982M*A*S*H
60.9%
1983M*A*S*H
60.9%
1984Family Ties
53.1%
1985Family Ties
53.1%
1986Family Ties
53.1%
1987Family Ties
53.1%
1986The Golden Girls
45.8%
1987The Golden Girls
45.8%
1988The Golden Girls
45.8%
1989The Golden Girls
45.8%
1980Taxi
43.2%
1981Taxi
43.2%
1982Taxi
43.2%
Year Series % Correct
1983Taxi
43.2%
1985Night Court
32.5%
1987Night Court
32.5%
1988Night Court
32.5%
1989Murphy Brown
30%
1983Newhart
26.8%
1984Newhart
26.8%
1980Soap
24.1%
1981Soap
24.1%
1988The Wonder Years
23.3%
1989The Wonder Years
23.3%
1989Designing Women
19.5%
1980Barney Miller
18.7%
1981Barney Miller
18.7%
1982Barney Miller
18.7%
1980WKRP in Cincinnati
18.6%
1981WKRP in Cincinnati
18.6%
1982WKRP in Cincinnati
18.6%
1984Kate & Allie
15.4%
1985Kate & Allie
15.4%
1986Kate & Allie
15.4%
1983Buffalo Bill
6.8%
1984Buffalo Bill
6.8%
1988Frank's Place
5.3%
1982Love, Sidney
4.8%

You're not logged in!

Compare scores with friends on all Sporcle quizzes.
Sign Up with Email
OR
Log In

You Might Also Like...

Show Comments

Extras

Top Quizzes Today


Score Distribution

Your Account Isn't Verified!

In order to create a playlist on Sporcle, you need to verify the email address you used during registration. Go to your Sporcle Settings to finish the process.